Improving purchasing performance (Record no. 76441)

MARC details
000 -LEADER
fixed length control field 00753nam a2200181 a 4500
008 - FIXED-LENGTH DATA ELEMENTS--GENERAL INFORMATION
fixed length control field 120416s1982 ||||||||||||||||| || u
020 ## - INTERNATIONAL STANDARD BOOK NUMBER
International Standard Book Number 0566022710
050 ## - LIBRARY OF CONGRESS CALL NUMBER
Classification number HF 5437 Par
100 ## - MAIN ENTRY--PERSONAL NAME
Personal name Parsons, Will J
245 10 - TITLE STATEMENT
Title Improving purchasing performance
260 ## - PUBLICATION, DISTRIBUTION, ETC.
Place of publication, distribution, etc. Aldershot, Hants:
Name of publisher, distributor, etc. Gower
Date of publication, distribution, etc. 1982
300 ## - PHYSICAL DESCRIPTION
Extent xiii, 169 pages : illustrations
350 ## -
-- 0.00
500 ## - GENERAL NOTE
General note Includes index. -Bibliography
650 #0 - SUBJECT ADDED ENTRY--TOPICAL TERM
Topical term or geographic name entry element PURCHASING
995 ## -
-- MAIN LIBRARY OPEN ACCESS
-- 0.00
-- 004945
-- CBU-MAIN LIBRARY (Kitwe)
-- 2
-- 18.95
-- HF 5437 Par
-- AVAILABLE
-- 004945
-- Main Library Open Access Collection
995 ## -
-- MAIN LIBRARY OPEN ACCESS
-- 0.00
-- 004944
-- CBU-MAIN LIBRARY (Kitwe)
-- 1
-- 18.95
-- HF 5437 Par
-- AVAILABLE
-- 004944
-- Main Library Open Access Collection
999 ## -
-- 76441
-- 76441
Holdings
Withdrawn status Lost status Source of classification or shelving scheme Damaged status Not for loan Permanent Location Current Location Shelving location Date acquired Total Checkouts Full call number Barcode Date last seen Copy number Price effective from Koha item type
          CBU-MAIN LIBRARY, KITWE. CBU-MAIN LIBRARY, KITWE.   04/25/2023   HF 5437 Par 004945 04/25/2023 1 04/25/2023 MONOGRAPH
          CBU-MAIN LIBRARY, KITWE. CBU-MAIN LIBRARY, KITWE.   04/25/2023   HF 5437 Par 004944 04/25/2023 2 04/25/2023 MONOGRAPH